[Event "Petersburg Autumn"]
[Site "St Petersburg RUS"]
[Date "2006.11.05"]
[Round "6"]
[White "Urjubdshzirov,E"]
[Black "Pankov,Ger"]
[Result "1-0"]
[WhiteElo "2197"]
[BlackElo "2341"]

1.e4 c5 2.Nf3 d6 3.d4 Nf6 4.Nc3 cxd4 5.Nxd4 a6 6.Be3 Ng4 7.Bg5 h6 8.Bh4 g5
9.Bg3 Bg7 10.h3 Ne5 11.Be2 Nbc6 12.Nb3 Be6 13.Nd5 Ng6 14.c3 Rc8 15.a4 Be5
16.Bxe5 Ncxe5 17.Nd4 Bxd5 18.exd5 Nf4 19.O-O Qa5 20.g3 Nxd5 21.Nb3 Nxc3 22.Nxa5 Nxd1
23.Bxd1 O-O 24.b4 b6 25.Nb3 Rc4 26.f4 gxf4 27.gxf4 Ng6 28.f5 Nf4 29.b5 axb5
30.axb5 Rb4 31.Rf3 e5 32.Rg3+ Kh8 33.Nd2 Rxb5 34.Ne4 Rd5 35.Nf6 Rd2 36.Bf3 Rc8
37.Kf1 d5 38.Bd1 e4 39.Ba4 Rh2 40.Be8 Rh1+ 41.Kf2 Rc2+ 42.Ke3 Rxh3 43.Kxf4 Rf2+
44.Ke5 Rxg3 45.Ra8 Rxf5+ 46.Kxf5 Rg5+ 47.Kf4 Kg7 48.Ng4 d4 49.Bxf7 Ra5 50.Rxa5 bxa5
51.Be8 e3 52.Ne5 Kf6 53.Nf3 e2 54.Bb5 Ke6 55.Ke4 Kf6 56.Kxd4 Kf5 57.Ke3 Kg4
58.Kxe2 Kf4 59.Nd4 h5 60.Nb3 h4 61.Kf2 Ke4 62.Nxa5 Kd4 63.Nb3+ Kc3 64.Nc1 h3
65.Ne2+ Kd2 66.Ng3 h2 67.Kg2 Ke3 68.Kxh2 Kf4 69.Kg2 Ke3 70.Kh3 Kf3 71.Kh4 Kf4
72.Bc6 Ke5 73.Kg4 Kd6 74.Bg2 Ke5 75.Kg5 Kd4 76.Kf4 Kd3 77.Ke5 Ke3 78.Be4 Kd2
79.Kd4 Kc1 80.Kc3 Kd1 81.Nf5 Ke1 82.Nd4 Kf1 83.Bh7 Ke1 84.Kd3 Kf2 85.Ne2 Kf3
86.Bf5 Kf2 87.Bg4 Ke1 88.Ke3 Kf1 89.Nf4 Kg1 90.Bh3  1-0

[Event "Petersburg Autumn"]
[Site "St Petersburg RUS"]
[Date "2006.11.06"]
[Round "7"]
[White "Sivokho,S"]
[Black "Korchagina,V"]
[Result "1-0"]
[WhiteElo "2476"]
[BlackElo "2091"]

1.e4 c5 2.Nf3 d6 3.d4 cxd4 4.Nxd4 Nf6 5.Nc3 a6 6.Be3 e5 7.Nb3 Be6 8.f3 Be7
9.Qd2 O-O 10.O-O-O Nbd7 11.g4 b5 12.g5 b4 13.Ne2 Ne8 14.f4 a5 15.f5 a4 16.fxe6 axb3
17.exf7+ Rxf7 18.Kb1 bxc2+ 19.Qxc2 Bxg5 20.Bxg5 Qxg5 21.Ng3 Nb6 22.Qb3 Qg6
23.Be2 Qf6 24.Rhf1 Qe7 25.Nf5 Qf8 26.Bh5 g6 27.Nh6+ Qxh6 28.Qxf7+  1-0

[Event "RGSU GM"]
[Site "Moscow RUS"]
[Date "2006.11.07"]
[Round "2"]
[White "Mongontuul,B"]
[Black "Sjugirov,S"]
[Result "1/2-1/2"]
[WhiteElo "2383"]
[BlackElo "2444"]

1.e4 c5 2.Nf3 d6 3.d4 cxd4 4.Nxd4 Nf6 5.Nc3 a6 6.Be3 e5 7.Nb3 Be7 8.f3 Be6
9.Qd2 O-O 10.O-O-O Qc7 11.g4 Rc8 12.g5 Nfd7 13.h4 a5 14.Nb5 Qc6 15.Na7 Rxa7
16.Bxa7 Qa4 17.Qxa5 Bxb3 18.Qxa4 Bxa4 19.b3 Bc6 20.Be3 Nc5 21.Bd2 Ne6 22.Bb4 Nd4
23.Bh3 Re8 24.Bg4 Na6 25.Ba3 Ra8 26.Bb2 Nb5 27.a4 Nbc7 28.Ba3 Nc5 29.Bxc5 dxc5
30.Bd7 c4 31.Bxc6 bxc6 32.Rd7 Ba3+ 33.Kd2 Ne6 34.Ra1 Nc5 35.Rc7 cxb3 36.Rxc6 b2
37.Rb1 g6 38.c3 Rxa4 39.Kc2 Ra7 40.Rd1 Kg7 41.Rd5 Rb7 42.Kb1 Na4 43.Ra5 Rd7
44.Rd5 Rxd5 45.exd5 Nc5 46.Rb6 e4 47.fxe4 Nxe4 48.Kc2 h6 49.gxh6+ Kxh6 50.Rb3 Bd6
51.Rxb2 Kh5 52.Rb7 f6 53.Rg7 Be5 54.Kd3 Nxc3 55.d6 Na4 56.d7 Nc5+ 57.Kc4 Ne6
58.Rg8 Bc7 59.Rc8 Ba5 60.Ra8 Bd8 61.Rc8 Kg4 62.Kd5 Kf5 63.Kd6 Bb6 64.Ke7 Nc5
65.Rc6 Nxd7 66.Kxd7 Bf2 67.Rc4 g5 68.h5 g4 69.h6 Kg6 70.Rxg4+ Kxh6 71.Rf4 Bg3
72.Rxf6+ Kg5 73.Ke6 Kg4 74.Kd5 Kh3 75.Ke4 Kg2 76.Ra6 Bh2 77.Ke3 Bg1+ 78.Ke2 Bh2
79.Rg6+ Kh1 80.Kf2 Bb8  1/2-1/2

[Event "10th OIBM"]
[Site "Bad Wiessee GER"]
[Date "2006.11.09"]
[Round "6"]
[White "Van der Weide,K"]
[Black "Fogel,P"]
[Result "1-0"]
[WhiteElo "2463"]
[BlackElo "2202"]

1.e4 c5 2.Nf3 d6 3.d4 cxd4 4.Nxd4 Nf6 5.Nc3 a6 6.Be3 e5 7.Nb3 Be7 8.f3 O-O
9.Qd2 Be6 10.O-O-O Nbd7 11.g4 b5 12.g5 b4 13.Ne2 Ne8 14.f4 a5 15.Kb1 a4 16.Nbc1 b3
17.f5 bxa2+ 18.Ka1 Bc4 19.Nc3 Bxf1 20.Rhxf1 Qa5 21.Nd5 Bd8 22.Qxa5 Bxa5 23.Nxa2 Nc5
24.Nac3 f6 25.g6 Ra6 26.Bxc5 dxc5 27.Ne7+ Kh8 28.gxh7  1-0

[Event "IV Final Russian Cup Women"]
[Site "Moscow RUS"]
[Date "2006.11.09"]
[Round "2"]
[White "Shlakich,A"]
[Black "Komiagina,M"]
[Result "0-1"]
[WhiteElo "2105"]
[BlackElo "2326"]

1.e4 c5 2.Nf3 d6 3.d4 cxd4 4.Nxd4 Nf6 5.Nc3 a6 6.Be3 e6 7.g4 b5 8.g5 Nfd7
9.a3 Bb7 10.Rg1 Nc6 11.h4 Rc8 12.h5 Nxd4 13.Bxd4 e5 14.Be3 Rxc3 15.bxc3 Bxe4
16.Bd3 Bc6 17.g6 hxg6 18.hxg6 e4 19.gxf7+ Kxf7 20.Qg4 Qf6 21.Bd4 Ne5 22.Bxe5 Qxe5
23.Qg6+ Kg8 24.Kf1 exd3 25.Re1 Qh5 26.Qe6+ Qf7 27.cxd3 Qxe6 28.Rxe6 Kf7 29.Reg6 Rh3
30.Ke2 Bf3+ 31.Kd2 Bh5 32.R6g5 g6 33.R5g3 Rh2 34.R3g2 Rxg2 35.Rxg2 d5 36.Rg1 Bxa3
37.Ra1 b4 38.Kc2 a5 39.Ra2 Bg4 40.Ra1 Bd7 41.cxb4 Ba4+ 42.Kd2 Bxb4+ 43.Ke3 Bb3  0-1

[Event "TCh-ROM Divizia A Masculin"]
[Site "Predeal ROM"]
[Date "2006.11.09"]
[Round "6"]
[White "Baratosi,D"]
[Black "Davidescu,O"]
[Result "1-0"]
[WhiteElo "2319"]
[BlackElo "1983"]

1.e4 c5 2.Nf3 d6 3.d4 cxd4 4.Nxd4 Nf6 5.Nc3 a6 6.Be3 e5 7.Nde2 Be7 8.Ng3 Be6
9.Be2 O-O 10.O-O Nbd7 11.a4 b6 12.Qd2 Qc7 13.Rfd1 Rfd8 14.Bf3 Bf8 15.h3 Rac8
16.Rac1 Qc4 17.Be2 Qb4 18.Bxa6 Ra8 19.Bb5 Rac8 20.Nd5 Qxd2 21.Nxf6+ gxf6
22.Rxd2 Nc5 23.Rcd1 Rb8 24.f3 Be7 25.Nf5 Bxf5 26.exf5 Kg7 27.b4 Nd7 28.Rd5 Rb7
29.c4 Kf8 30.Kf2 Kg7 31.g4 Nf8 32.c5  1-0

[Event "Ataturk Festival Open"]
[Site "Adana TUR"]
[Date "2006.11.10"]
[Round "5"]
[White "Isik,E"]
[Black "Gashimov,V"]
[Result "0-1"]
[WhiteElo "2172"]
[BlackElo "2643"]

1.e4 c5 2.Nf3 d6 3.d4 cxd4 4.Nxd4 Nf6 5.Nc3 a6 6.Be3 e5 7.Nb3 Be6 8.f3 Be7
9.Qd2 Nbd7 10.g4 h6 11.O-O-O b5 12.Kb1 Nb6 13.Qf2 Rb8 14.Nc5 b4 15.Nxe6 fxe6
16.Ne2 O-O 17.Qe1 Nfd7 18.f4 Nc4 19.Bf2 Qc7 20.Nc1 Rxf4 21.h4 Na3+ 22.bxa3 bxa3+
23.Nb3 Rxf2 24.Qxf2 Qc3 25.Kc1 Rxb3  0-1

[Event "Ataturk Festival Open"]
[Site "Adana TUR"]
[Date "2006.11.10"]
[Round "5"]
[White "Odeev,H"]
[Black "Esen,B"]
[Result "1/2-1/2"]
[WhiteElo "2487"]
[BlackElo "2464"]

1.e4 c5 2.Nf3 d6 3.d4 cxd4 4.Nxd4 Nf6 5.Nc3 a6 6.Be3 e5 7.Nde2 Ng4 8.Nd5 Nxe3
9.Nxe3 Be7 10.Nc3 O-O 11.h4 Nd7 12.Qf3 Nb6 13.O-O-O Be6 14.Kb1 Rc8 15.Ncd5 Nxd5
16.exd5 Bd7 17.g4 e4 18.Qxe4 Bf6 19.g5 Re8 20.Qb4 a5 21.Qxd6 Be5 22.Qa3 b5
23.Qd3 a4 24.Bh3 Bxh3 25.Rxh3 Qd6 26.a3 Rc3 27.bxc3 Qxa3 28.Ng4 b4 29.Nxe5 Rb8
30.c4 b3 31.Qc3 bxc2+ 32.Kxc2 Qa2+ 33.Kd3 Rb3 34.Rc1 a3 35.Ke4 Rxc3 36.Rhxc3 Qxf2
37.Rxa3 Qxh4+ 38.Ke3 Qxg5+ 39.Kf2 g6  1/2-1/2

[Event "IV Final Russian Cup Women"]
[Site "Moscow RUS"]
[Date "2006.11.11"]
[Round "4"]
[White "Kirillova,V"]
[Black "Zdebskaja,N"]
[Result "1-0"]
[WhiteElo "2244"]
[BlackElo "2343"]

1.e4 c5 2.Nf3 d6 3.d4 cxd4 4.Nxd4 Nf6 5.Nc3 a6 6.Be3 e5 7.Nb3 Be6 8.f3 Be7
9.Qd2 h5 10.O-O-O Nbd7 11.Kb1 Rc8 12.Qe1 Qc7 13.Rd2 Nb6 14.Bxb6 Qxb6 15.Nd1 Nd7
16.h4 a5 17.Ne3 a4 18.Nc1 a3 19.b3 Nc5 20.Nd5 Bxd5 21.Rxd5 O-O 22.g4 Na4
23.c4 Rc5 24.Rxc5 Nxc5 25.Rh2 hxg4 26.fxg4 Ne6 27.Nd3 Qd4 28.Rd2 Bd8 29.Bg2 Ba5
30.b4 Qb6 31.Rd1 Nc5 32.Kc2 Nxd3 33.Rxd3 Rc8 34.Kb3 Qa6 35.b5 Qa7 36.Qe3 Bb6
37.Qc1 Bc5 38.Qc3 b6 39.Bf3 Qe7 40.g5 Qe6 41.Be2 Qg6 42.Bg4 Bd4 43.Qd2 f5
44.Bxf5 Qe8 45.Bxc8 Qxc8 46.Qe2 Qe8 47.Qg4 g6 48.Rf3 Kg7 49.Kxa3 d5 50.exd5 e4
51.Rf4 Bc5+ 52.Kb3 e3 53.Re4  1-0

[Event "TCh-NED 2006-7"]
[Site "Netherlands NED"]
[Date "2006.11.11"]
[Round "3"]
[White "Muhren,B"]
[Black "Buenermann,V"]
[Result "1-0"]
[WhiteElo "2295"]
[BlackElo "2304"]

1.e4 c5 2.Nf3 d6 3.d4 cxd4 4.Nxd4 Nf6 5.Nc3 a6 6.Be3 e5 7.Nf3 Be7 8.Bc4 O-O
9.O-O Be6 10.Qe2 b5 11.Bb3 Nc6 12.Rfd1 h6 13.Nh4 Ng4 14.Nf5 Nxe3 15.fxe3 Bxb3
16.axb3 g6 17.Nxh6+ Kg7 18.Ng4 f5 19.Nf2 f4 20.exf4 exf4 21.Ng4 Bf6 22.Rd3 b4
23.Nd1 Bd4+ 24.Ndf2 Bxb2 25.Rad1 f3 26.Qe3 Qh4 27.g3 Qh5 28.Rxd6 Rad8 29.Rd7+ Rxd7
30.Rxd7+ Kh8 31.e5 Nxe5 32.Rd5 Rf5 33.Qa7 Nf7 34.Rd7 Kg7 35.Qxa6 Rd5 36.Rxd5 Qxd5
37.Qd3 Qc6 38.Ne4 Qb6+ 39.Kf1 Ne5 40.Nxe5 Bxe5 41.Qxf3 Qa6+ 42.Kg2 Qa1 43.Ng5 Qa6
44.h4 Bf6 45.Ne4 Bd4 46.h5 Qc6 47.Qd3 Qd5 48.hxg6 Kxg6 49.Qf3 Qe6 50.Nd2 Kg7
51.Qb7+ Kh8 52.Qe4 Qd6 53.Nf3 Bc3 54.Nh4 Qd2+ 55.Kh3 Kg7 56.Qe7+ Kg8 57.Qe6+ Kh8
58.Qf7 Bg7 59.Qe8+ Kh7 60.Qg6+ Kh8 61.Nf5 Bf8 62.Qf7 Qd8 63.g4 Qa8 64.Kh4 Qd8+
65.Kh5 Bh6 66.Qe7 Qb6 67.Qd6 Qxd6 68.Nxd6 Bd2 69.Kg6 Kg8 70.Ne4 Be1 71.g5 Kh8
72.Kf7  1-0

[Event "TCh-NOR 2006-7"]
[Site "Oslo NOR"]
[Date "2006.11.11"]
[Round "2"]
[White "Bjerke,S"]
[Black "Jansson,J"]
[Result "0-1"]
[WhiteElo "2181"]
[BlackElo "2221"]

1.e4 c5 2.Nf3 d6 3.d4 cxd4 4.Nxd4 Nf6 5.Nc3 a6 6.Be3 e5 7.Nf3 Qc7 8.a4 Be7
9.a5 Qc6 10.Nd2 Be6 11.Be2 O-O 12.Bf3 Nbd7 13.Bg5 h6 14.Bxf6 Nxf6 15.Nf1 Qc5
16.Qd2 Bd8 17.Ne2 d5 18.b4 Qc6 19.exd5 Bxd5 20.Bxd5 Nxd5 21.Ne3 Nxe3 22.fxe3 Bh4+
23.Ng3 Rfd8 24.Qc1 Qxg2 25.Rf1 Qxh2  0-1

[Event "Open"]
[Site "Kings Island USA"]
[Date "2006.11.12"]
[Round "5"]
[White "Cole,J"]
[Black "Berkovich,D"]
[Result "1/2-1/2"]
[WhiteElo "2323"]
[BlackElo "2392"]

1.e4 c5 2.Nf3 d6 3.d4 cxd4 4.Nxd4 Nf6 5.Nc3 a6 6.Be3 e6 7.g4 e5 8.Nf5 g6
9.g5 gxf5 10.exf5 Bd7 11.gxf6 Bc6 12.Rg1 d5 13.Qe2 Nd7 14.O-O-O Qa5  1/2-1/2

[Event "Ataturk Festival Open"]
[Site "Adana TUR"]
[Date "2006.11.13"]
[Round "7"]
[White "Isik,E"]
[Black "Aroshidze,L"]
[Result "0-1"]
[WhiteElo "2172"]
[BlackElo "2522"]

1.e4 c5 2.Nf3 d6 3.d4 cxd4 4.Nxd4 Nf6 5.Nc3 a6 6.Be3 e6 7.f3 b5 8.g4 h6 9.Qd2 b4
10.Na4 Nbd7 11.c4 bxc3 12.Nxc3 Bb7 13.h4 d5 14.Rg1 dxe4 15.g5 Nd5 16.g6 Qxh4+
17.Bf2 e3 18.gxf7+ Kxf7 19.Bxh4 exd2+ 20.Kxd2 Bc5 21.Rxg7+ Kxg7 22.Nxe6+ Kf7
23.Nxc5 Nxc5 24.Bc4 Ne6 25.Nxd5 Bxd5 26.Bxd5 Rad8 27.Bxd8 Rxd8 28.Ke3 Rxd5
29.b4 Re5+ 30.Kd3 Rf5 31.Ke3 Ng5 32.f4 Ne6 33.Rf1 a5 34.a3 a4 35.Rh1 Kg6
36.Rg1+ Kf6 37.Rh1 h5 38.Rh4 Nc7 39.Rh2 Nd5+ 40.Ke4 Ke6 41.Rf2 h4 42.Rf3 Nf6+
43.Kd4 Rh5 44.Rh3 Kf5 45.Rh1 Kg4 46.Rg1+ Kf3 47.Rb1 h3 48.b5 h2 49.Kc4 h1=Q
50.Rxh1 Rxh1 51.Kb4 Ke4 52.Kxa4 Kd5 53.Ka5 Kc5  0-1

[Event "Open"]
[Site "Liberec CZE"]
[Date "2006.11.15"]
[Round "5"]
[White "Vymetal,M"]
[Black "Rattinger,F"]
[Result "0-1"]
[WhiteElo "2038"]
[BlackElo "2138"]

1.e4 c5 2.Nf3 d6 3.d4 cxd4 4.Nxd4 Nf6 5.Nc3 a6 6.Be3 e5 7.Nb3 Be6 8.f3 Be7
9.Qd2 O-O 10.g4 d5 11.g5 d4 12.gxf6 Bxf6 13.Bxd4 exd4 14.Ne2 Bxb3 15.axb3 Nc6
16.O-O-O a5 17.Kb1 a4 18.bxa4 Rxa4 19.Nc1 Qa8 20.Nb3 Na5 21.Bb5 Nxb3 22.cxb3 Ra1+
23.Kc2 d3+ 24.Bxd3 Rc8+ 25.Bc4 Ra2 26.Kd3 Rxb2 27.Qb4 Rd8+ 28.Bd5 Qa6+ 29.Qc4 Rc8
30.Ra1 Rxc4 31.bxc4 Rb3+ 32.Kc2 Ra3  0-1

[Event "1st Magistral Endesa"]
[Site "Santiago CHI"]
[Date "2006.11.17"]
[Round "1"]
[White "Rojas,L"]
[Black "Lobos,M"]
[Result "1-0"]
[WhiteElo "2430"]
[BlackElo "2368"]

1.e4 c5 2.Nf3 d6 3.d4 cxd4 4.Nxd4 Nf6 5.Nc3 a6 6.Be3 e6 7.Qd2 Qc7 8.f3 b5
9.g4 h6 10.O-O-O Nbd7 11.Bd3 b4 12.Nce2 d5 13.exd5 Nxd5 14.Nf4 Nxe3 15.Ndxe6 Qb6
16.Rhe1 fxe6 17.Bg6+ Ke7 18.Rxe3 Nf6 19.h4 Ra7 20.g5 hxg5 21.hxg5 Rd7 22.gxf6+ Kxf6
23.Bd3 e5 24.Rxe5 Kxe5 25.Ng6+ Kd6 26.Bf5+ Kc7 27.Bxd7 Qxg6 28.Bxc8 Bd6 29.Bxa6 Rh2
30.Qd3 Qh6+ 31.Kb1 Rh1 32.a4 bxa3 33.Qc4+ Kb6 34.Qb5+ Kc7 35.Qb7+ Kd8 36.Qc8+ Ke7
37.Bf1 Qh4 38.Qb7+ Kf8 39.bxa3 Qf4 40.Qd7 g5 41.Ka2 Be7 42.Rd5 Qf7 43.Bc4 Bf6
44.Qxf7+  1-0

[Event "1st GMA Cup"]
[Site "Manila PHI"]
[Date "2006.11.20"]
[Round "6"]
[White "Nolte,R"]
[Black "Bitoon,R"]
[Result "1/2-1/2"]
[WhiteElo "2410"]
[BlackElo "2433"]

1.e4 c5 2.Nf3 d6 3.d4 cxd4 4.Nxd4 Nf6 5.Nc3 a6 6.Be3 e6 7.Be2 Qc7 8.a4 Nc6
9.O-O Be7 10.f4 O-O 11.Kh1 Re8 12.Bf3 Nd7 13.Qe1 Bf6 14.Rd1 Rb8 15.Qf2 Na5
16.g4 Nc6 17.g5 Bxd4 18.Bxd4 b5 19.Be3 b4 20.Ne2 Ne7 21.Rd2 Bb7 22.Ng3 d5
23.e5 Rbc8 24.Rfd1 Nc5 25.b3 a5 26.h4 Ba6 27.h5 Bb7 28.Kh2 Qc6 29.h6 g6 30.Be2 Ba6
31.Bf3 Rc7 32.Bd4 Rec8 33.Kh3 Nd7 34.Bg4  1/2-1/2

[Event "19th Belgrade Trophy"]
[Site "Belgrade SRB"]
[Date "2006.11.23"]
[Round "2"]
[White "Milic,Sl"]
[Black "Marinkov,S"]
[Result "1/2-1/2"]
[WhiteElo "1912"]
[BlackElo "2071"]

1.e4 c5 2.Nf3 d6 3.d4 cxd4 4.Nxd4 Nf6 5.Nc3 a6 6.Be3 e5 7.Nb3 Be6 8.Qd2 Nbd7
9.f3 b5 10.g4 Nb6 11.g5 Nh5 12.Na5 Qc7 13.Nd5 Nxd5 14.exd5 Bd7 15.Bd3 g6
16.O-O-O Bg7 17.Kb1 O-O 18.Rc1 f5 19.c4 b4 20.Nb3 Nf4 21.Bxf4 exf4 22.Qxf4 Be5
23.Qd2 Qb6 24.c5 dxc5 25.Nxc5 Rfd8 26.f4 Bd4 27.Nxd7 Rxd7 28.Rc6 Be3 29.Qe2 Qd4
30.Rd1 Qxf4 31.Re1 Bd4 32.Qe6+ Rf7 33.Bc4 Qd2 34.Qe2 Qxe2 35.Rxe2 Kf8 36.Bxa6 f4
37.Rd2 Be3 38.Rd1 f3 39.Bc4 Bxg5 40.d6 Rf4 41.Kc2 f2 42.d7 Rd8 43.a4 bxa3
44.bxa3 Be7 45.Rc8 Kg7 46.Bb5 Rff8 47.Rxd8 Bxd8 48.a4 Kf6 49.Kd3 Kg5 50.Ke2 Kh4
51.Rd4+ Kh3 52.Kf1 h5 53.Re4 Rf6 54.Re8 Ba5 55.d8=Q Bxd8 56.Rxd8 Kxh2 57.Rd2 Kg3
58.Rd3+ Kh4 59.Bd7 Kg5 60.a5 Ra6 61.Rd5+ Kf4 62.Kxf2 Ke4 63.Rb5 Kd4 64.Bc8 Rc6
65.Bb7 Rc2+ 66.Kg3 Rc5 67.Rb4+ Kc3 68.Ra4 Kb3 69.Ra1 Kb2 70.Ra4 Kb3 71.Ra1  1/2-1/2

[Event "19th Belgrade Trophy"]
[Site "Belgrade SRB"]
[Date "2006.11.23"]
[Round "2"]
[White "Sarenac,D"]
[Black "Bozic,Mi"]
[Result "0-1"]
[WhiteElo "2205"]
[BlackElo "2401"]

1.e4 c5 2.Nf3 d6 3.d4 cxd4 4.Nxd4 Nf6 5.Nc3 a6 6.Be3 g6 7.f3 Bg7 8.Qd2 Nc6
9.O-O-O O-O 10.h4 h5 11.Nxc6 bxc6 12.e5 Ne8 13.exd6 Nxd6 14.Bd4 Qa5 15.Bxg7 Kxg7
16.g4 Rd8 17.gxh5 Qxh5 18.Qd4+ Kg8 19.Be2 Be6 20.Qa4 Qh6+ 21.Kb1 Nb5 22.Ne4 Qe3
23.Bd3 Rab8 24.Ka1 Qb6 25.Bxb5 cxb5 26.Qb4 Qc7 27.Nc5 Bf5 28.Rxd8+ Rxd8 29.h5 gxh5
30.a3 Bg6 31.c3 Rd5 32.Ne4 a5 33.Qb3 Qc4 34.Qc2 b4 35.Qa4 Kg7 36.cxb4 axb4
37.Ng3 Qf4 38.Rg1 Qe3 39.Rf1 b3 40.Qc4 Rc5  0-1

[Event "19th Belgrade Trophy"]
[Site "Belgrade SRB"]
[Date "2006.11.26"]
[Round "5"]
[White "Bergsson,Sn"]
[Black "Sarenac,D"]
[Result "0-1"]
[WhiteElo "2334"]
[BlackElo "2205"]

1.e4 c5 2.Nf3 d6 3.d4 cxd4 4.Nxd4 Nf6 5.Nc3 a6 6.Be3 e5 7.Nb3 Be6 8.Qd2 Be7
9.Be2 O-O 10.O-O-O Nbd7 11.f4 exf4 12.Bxf4 Ne5 13.Nd4 Qc7 14.Nf5 Bxf5 15.exf5 b5
16.g4 b4 17.Nd5 Nxd5 18.Qxd5 Rfc8 19.Rd2 Kh8 20.Kb1 a5 21.Rc1 a4 22.c4 Ra5
23.Qe4 b3 24.a3 Rc5 25.Rd5 f6 26.Be3 Rc6 27.c5 dxc5 28.Bb5 Rb6 29.Rdxc5 Bxc5
30.Rxc5 Qxc5 31.Bxc5 Rxb5 32.Be3 Ra5 33.g5 Ra6 34.Qb7 Rac6 35.gxf6 gxf6 36.Bh6 Rg8
37.Be3 Rd8 38.Bc1 Rd1 39.Qa8+ Kg7 40.Qb7+ Kg8 41.Qa8+ Kf7 42.Qb7+ Ke8 43.Qa8+ Ke7
44.Qa7+ Rc7 45.Qxa4 Kd8  0-1

[Event "ch-RUS w"]
[Site "Gorodets RUS"]
[Date "2006.12.01"]
[Round "1"]
[White "Shadrina,T"]
[Black "Komiagina,M"]
[Result "1-0"]
[WhiteElo "2396"]
[BlackElo "2326"]

1.e4 c5 2.Nf3 d6 3.d4 cxd4 4.Nxd4 Nf6 5.Nc3 a6 6.Be3 e6 7.g4 h6 8.Bg2 Qc7
9.h4 d5 10.exd5 Bb4 11.dxe6 Bxc3+ 12.bxc3 Qxc3+ 13.Kf1 fxe6 14.Rb1 O-O 15.Kg1 e5
16.Nf5 Bxf5 17.gxf5 Nc6 18.Bb6 e4 19.Qe2 Nd4 20.Bxd4 Qxd4 21.Rh3 b5 22.Re1 Rfe8
23.Re3 Rac8 24.Rd1 Qe5 25.Rd2 Rc3 26.Rxc3 Qxc3 27.Qd1 Qc5 28.Rd8 Qxf5 29.Rxe8+ Nxe8
30.Qd8 Kf7 31.Qa8 Nf6 32.Qxa6 Qe5 33.Bf1 Ng4 34.Qb7+ Kg6 35.Qb6+ Kh7 36.Bxb5 Qh2+
37.Kf1 Qxh4 38.a4 Qh1+ 39.Ke2 Qf3+ 40.Ke1 Qc3+ 41.Kd1 Qa1+ 42.Ke2 Qc1 43.Qc5 Qf4
44.a5 Ne5 45.a6 Qg4+ 46.Kd2 Nf3+ 47.Kc3 Qg1 48.Qf5+ Kh8 49.Qxe4 Qa1+ 50.Kb4 Qb2+
51.Kc5 Ne5 52.Kb6 Nd7+ 53.Kc6 Nb8+ 54.Kc5 Qa3+ 55.Kb6 Qd6+ 56.Kb7 Nxa6 57.Bxa6 Qd7+
58.Kb6 Qd6+ 59.Kb5 Qd7+ 60.Qc6 Qf5+ 61.Qc5 Qd7+ 62.Ka5 Qd8+ 63.Kb4 Qd2+ 64.Kb3  1-0

[Event "XV Asiad Men's Rapid"]
[Site "Doha QAT"]
[Date "2006.12.02"]
[Round "2"]
[White "Sadvakasov,D"]
[Black "Gundavaa,B"]
[Result "1-0"]
[WhiteElo "2596"]
[BlackElo "2237"]

1.e4 c5 2.Nf3 d6 3.d4 cxd4 4.Nxd4 Nf6 5.Nc3 a6 6.Be3 e5 7.Nb3 Be6 8.f3 Nbd7
9.g4 Be7 10.Qd2 O-O 11.O-O-O b5 12.g5 b4 13.Ne2 Ne8 14.Ng3 a5 15.Kb1 a4 16.Nc1 Qb8
17.Nf5 Bd8 18.f4 d5 19.Nh6+ gxh6 20.f5 d4 21.fxe6 fxe6 22.g6 Ndf6 23.Bxh6 Nxe4
24.gxh7+ Kh8 25.Qg2 Nc3+ 26.Ka1  1-0

[Event "XV Asiad Women's Rapid"]
[Site "Doha QAT"]
[Date "2006.12.02"]
[Round "3"]
[White "Mongontuul,B"]
[Black "Zhao Xue"]
[Result "0-1"]
[WhiteElo "2383"]
[BlackElo "2467"]

1.e4 c5 2.Nf3 d6 3.d4 cxd4 4.Nxd4 Nf6 5.Nc3 a6 6.Be3 e5 7.Nf3 Be7 8.Bc4 O-O
9.O-O Nc6 10.Qe2 Na5 11.Bd5 Be6 12.Rfd1 Qc7 13.Bxe6 fxe6 14.Ng5 Qc8 15.Na4 Nc4
16.b3 b5 17.bxc4 bxa4 18.f3 h6 19.Nh3 Qc6 20.Nf2 Nd7 21.Rab1 Rfc8 22.c5 Nxc5
23.Qc4 Kf7 24.Rd2 Nd7 25.Qxc6 Rxc6 26.Rb4 d5 27.Rb7 Rd6 28.Ng4 Ke8 29.f4 exf4
30.Bxf4 Rb6 31.Rxb6 Nxb6 32.exd5 Nxd5 33.Be5 Kf7 34.c4 Nb6 35.Rf2+ Kg8 36.Rf4 Rc8
37.Ne3 Bg5 38.Re4 Bxe3+ 39.Rxe3 Rxc4 40.Re2 Nd5 41.Kf2 Kf7 42.Rb2 g5 43.Kf3 g4+
44.Kg3 Kg6 45.Rb7 Kf5 46.Bg7 h5 47.Ra7 Rc7 48.Rxc7 Nxc7 49.Kh4 Kg6 50.Be5 Nd5
51.h3 Kf5 52.Bd6 Nf4 53.Bxf4 Kxf4 54.Kxh5 gxh3 55.gxh3 e5 56.Kg6 e4 57.h4 e3
58.h5 e2 59.h6 e1=Q 60.h7 Qe5 61.Kf7 Qh8  0-1

[Event "TCh-BEL 2006-7"]
[Site "Belgium BEL"]
[Date "2006.12.03"]
[Round "5"]
[White "Saiboulatov,D"]
[Black "Piceu,T"]
[Result "1/2-1/2"]
[WhiteElo "2427"]
[BlackElo "2318"]

1.e4 c5 2.Nf3 d6 3.d4 cxd4 4.Nxd4 Nf6 5.Nc3 a6 6.Be3 e5 7.Nf3 Qc7 8.a4 b6
9.Qd3 Be7 10.Qc4 Qb7 11.Qb3 O-O 12.Bc4 b5 13.Bd5 Nxd5 14.Nxd5 Bd8 15.O-O bxa4
16.Qxb7 Bxb7 17.Nd2 Nd7 18.Rxa4 f5 19.f3 fxe4 20.fxe4 Bxd5 21.Rxf8+ Kxf8
22.exd5 Nf6 23.c4 Ng4 24.Bf2 Rb8 25.b4 a5 26.b5 Nxf2 27.Kxf2 Bb6+ 28.Ke2 Ke7
29.Ra1  1/2-1/2

[Event "XV Asiad Men's Rapid"]
[Site "Doha QAT"]
[Date "2006.12.03"]
[Round "4"]
[White "Al Sayed,Mohamad"]
[Black "Bu Xiangzhi"]
[Result "0-1"]
[WhiteElo "2486"]
[BlackElo "2671"]

1.e4 c5 2.Nf3 d6 3.d4 cxd4 4.Nxd4 Nf6 5.Nc3 a6 6.Be3 e5 7.Nf3 Be7 8.Bc4 O-O
9.O-O Nc6 10.Qe2 Na5 11.Bb3 Nxb3 12.axb3 h6 13.Rfd1 Qe8 14.Nd2 b5 15.Nxb5 Bg4
16.f3 Qxb5 17.c4 Qd7 18.fxg4 Nxg4 19.Kh1 f5 20.exf5 Qxf5 21.Bg1 Nf6 22.c5 dxc5
23.Rxa6 Rxa6 24.Qxa6 Kh7 25.Qb7 Re8 26.Nc4 e4 27.Qc6 Qc8 28.Qb5 Qb8 29.Qa4 Qc7
30.Ne3 Rd8 31.Rf1 Qe5 32.Nc4 Qe6 33.Qa7 Rd7 34.Qb8 Rd3 35.Re1 h5 36.h3 h4
37.Qf4 Nh5 38.Qe5 Qxe5 39.Nxe5 Ng3+ 40.Kh2 Rxb3 41.Bf2 Bf6 42.Nc4 Bd4 43.Bg1 e3  0-1

[Event "XV Asiad Men's Rapid"]
[Site "Doha QAT"]
[Date "2006.12.03"]
[Round "5"]
[White "Gundavaa,B"]
[Black "Nanjo,R"]
[Result "1-0"]
[WhiteElo "2237"]
[BlackElo "2186"]

1.e4 c5 2.Nf3 d6 3.d4 cxd4 4.Nxd4 Nf6 5.Nc3 a6 6.Be3 e6 7.f3 b5 8.Qd2 Nbd7
9.g4 Nb6 10.Bd3 Bb7 11.O-O-O Rc8 12.Kb1 Nfd7 13.Qf2 Rxc3 14.bxc3 d5 15.Ne2 Na4
16.exd5 Bxd5 17.Be4 Bxe4 18.fxe4 Ba3 19.Bc1 Bxc1 20.Kxc1 O-O 21.Rd3 Qe7 22.Qd4 Ndb6
23.Qd6 Qg5+ 24.Qf4 Qc5 25.Kd2 Nb2 26.Rb1 Nxd3 27.cxd3 Rd8 28.Kc2 Qa3 29.Nc1 Rc8
30.Rb3 Qc5 31.Kd2 b4 32.Ne2 Na4 33.Rxb4 Nxc3 34.Rc4 Nb1+ 35.Kd1 Qf8 36.Rxc8 Qxc8
37.Qc1 Qb8 38.Kc2 h6 39.Qxb1 Qxh2 40.Kd2 Qh4 41.Qb8+ Kh7 42.Qf4 Qe7 43.Qe5 Qb4+
44.Qc3 Qe7 45.Qa5 Qb7 46.Ke3 Qc6 47.Qc3 Qb6+ 48.Qd4 Qa5 49.a4 Qg5+ 50.Kf3 Qh4
51.Qd6 Qf6+ 52.Ke3 Qg5+ 53.Qf4 Qc5+ 54.Kf3 Qc2 55.Ke3 Qc5+ 56.d4 Qa3+ 57.Kf2 f6
58.d5 Qxa4 59.dxe6 Qc6 60.Qf5+ g6 61.Qd5 Qb6+ 62.Kf3 Kh8 63.e7  1-0

[Event "XV Asiad Men's Rapid"]
[Site "Doha QAT"]
[Date "2006.12.04"]
[Round "8"]
[White "Sadvakasov,D"]
[Black "Megaranto,S"]
[Result "1-0"]
[WhiteElo "2596"]
[BlackElo "2492"]

1.e4 c5 2.Nf3 d6 3.d4 cxd4 4.Nxd4 Nf6 5.Nc3 a6 6.Be3 e5 7.Nb3 Be7 8.f3 Be6
9.Qd2 Nbd7 10.g4 h6 11.O-O-O b5 12.Kb1 Qc7 13.Nd5 Bxd5 14.exd5 Nb6 15.Bxb6 Qxb6
16.Na5 Rc8 17.Nc6 Nxd5 18.Nxe7 Nxe7 19.Qxd6 Qxd6 20.Rxd6 Nc6 21.Rd2 Ke7 22.Bd3 Nd4
23.Be4 Rhd8 24.Rhd1 Ne6 25.c3 Rxd2 26.Rxd2 Rd8 27.Rxd8 Nxd8 28.Kc2 Kd6 29.b4 g6
30.Kb3 h5 31.a4 Ne6 32.a5 Kc7 33.Bd5 Nd8 34.c4 bxc4+ 35.Bxc4 Kb7 36.g5 h4
37.Bd5+ Kc7 38.Kc4 Kd6 39.h3 Nc6 40.Bxc6 Kxc6 41.b5+ axb5+ 42.Kb4 Kd5  1-0

[Event "Polyarniy Krug"]
[Site "Salekhard RUS"]
[Date "2006.12.04"]
[Round "6"]
[White "Savitskaya,N"]
[Black "Gajsin,E"]
[Result "1/2-1/2"]
[WhiteElo "1932"]
[BlackElo "2456"]

1.e4 c5 2.Nf3 d6 3.d4 cxd4 4.Nxd4 Nf6 5.Nc3 a6 6.Be3 e6 7.g4 Nc6 8.g5 Nd7
9.h4 Qc7 10.Qd2 Nde5 11.Be2 b5 12.f4 Nxd4 13.Bxd4 Nc4 14.Bxc4 Qxc4 15.Qd3 Qxd3
16.cxd3 h5 17.Kd2 Rg8 18.Rac1 Be7 19.Rhg1 Bd8 20.Ne2 Bb7 21.Ng3 g6 22.f5 gxf5
23.exf5 e5 24.Be3 Bf3 25.d4 Kd7 26.dxe5 dxe5 27.Bc5 e4 28.Ke3 Re8 29.Rc2 Rc8
30.b4 Bc7 31.Ne2 Re5 32.Rd2+ Ke8 33.g6 fxg6 34.fxg6 Bg4 35.g7 Kf7 36.Rxg4 hxg4
37.Rd7+ Kg8 38.Nf4 g3 39.Ng6 g2 40.Kf2 e3+ 41.Kxg2 e2 42.Ne7+ Kh7 43.Bf2 Bb6
44.Be1 Re8 45.g8=Q+ Rxg8+ 46.Nxg8+ Kxg8 47.Kf3 Re3+ 48.Kf4 Ra3 49.Re7 Rxa2
50.Kf3 Kf8 51.Rxe2 Ra3+ 52.Ke4 Ke7 53.Kd5+ Kd7 54.Bd2 Rd3+ 55.Ke5 Bc7+ 56.Kf5 Rf3+
57.Kg6 Rg3+ 58.Kf5 Rh3 59.Kg4 Rg3+ 60.Kf5  1/2-1/2

[Event "ch-RUS w"]
[Site "Gorodets RUS"]
[Date "2006.12.06"]
[Round "6"]
[White "Shadrina,T"]
[Black "Bodnaruk,A"]
[Result "1-0"]
[WhiteElo "2396"]
[BlackElo "2255"]

1.e4 c5 2.Nf3 d6 3.d4 cxd4 4.Nxd4 Nf6 5.Nc3 a6 6.Be3 e5 7.Nf3 Be7 8.Bc4 O-O
9.O-O Be6 10.Bb3 Nc6 11.Qe2 Na5 12.Rfd1 Nxb3 13.axb3 Qc7 14.Bg5 Ne8 15.Bxe7 Qxe7
16.Nd2 f5 17.exf5 Rxf5 18.Nc4 Rd8 19.Ne3 Rf7 20.Ncd5 Qg5 21.Rd3 h5 22.Rad1 h4
23.Nc3 Rfd7 24.Ne4 Qg6 25.Nd5 Rf7 26.f3 Bf5 27.Qe3 Kf8 28.Ndc3 Rfd7 29.R3d2 Kg8
30.Nd5 Rf7 31.Qg5 Qxg5 32.Nxg5 Rfd7 33.Kf2 Nf6 34.Nb6 Rc7 35.c3 Ne8 36.Nc4 Re7
37.Nxd6 Red7 38.Nge4 Nxd6 39.Rxd6 Rxd6 40.Rxd6 Re8 41.Ke3 Re7 42.Nc5 Kf7
43.Rb6 Bc8 44.Ke4 g5 45.Nd3 Be6 46.Nxe5+ Kg7 47.b4 Kf6 48.Kd4 Kf5 49.b5 Re8
50.Ng4 Kf4 51.bxa6 bxa6 52.Nf6 Rd8+ 53.Kc5 Rc8+ 54.Kd6 Bc4 55.Nd5+ Bxd5 56.Kxd5 Rd8+
57.Rd6 Re8 58.Rf6+ Ke3 59.Re6+ Rxe6 60.Kxe6 Kf2 61.c4 Kxg2 62.c5 Kxh2 63.c6 Kg3
64.c7 Kxf3 65.c8=Q g4 66.Kf5 g3 67.Qc3+ Kf2 68.Kg4 g2 69.Qf3+ Kg1 70.Kh3  1-0